00393nam a2200181Ia 4500003000900000008004100009040001300050040001300063041000800076100002300084245004000107250001000147260001600157260000900173300001100182300001200193490000600205IT-RoPAU120407s9999 xx 000 0 und d aIT-RoPAU cIT-RoPAU afra aCharles D’Aragon aCas de conscience de parlementaire. aParis aEd. Fleurus c1961 a130 p. c18,5 cm v1